[Event "2010 Standard Chess Dropout Tournament, Round 2"]
[Site "SchemingMind.com"]
[Date "2010.03.02"]
[Round "2"]
[White "bull mccabe"]
[Black "robertoi72"]
[Result "1-0"]
[WhiteCountry "IRL"]
[BlackCountry "ITA"]
[WhiteElo "1836"]
[WhiteRD "92"]
[BlackElo "1888"]
[BlackRD "95"]
[GameID "240615"]

1. e4 c5 2. Nc3 Nc6 3. Nf3 d6 4. Bb5 Bd7 5. O-O Nf6 6. d4 cxd4 7. Nxd4 g6 8. Re1 Bg7 9. Nxc6 bxc6 10. Bc4 O-O
11. f4 Qb6+ 12. Kh1 Bg4 13. Qd3 h5 14. Be3 Qc7 15. Bb3 a5 16. f5 gxf5 17. exf5 d5 18. h3 e6 19. hxg4 Nxg4 20. Bg1 Be5
21. fxe6 Kg7 22. exf7 Rxf7 23. Re2 Raf8 24. Qh3 Rf1 25. Rxf1 Rxf1 26. Qxh5 Bd4 27. Qxg4+
1-0

[Event "2010 Standard Chess Dropout Tournament, Round 2"]
[Site "SchemingMind.com"]
[Date "2010.03.07"]
[Round "2"]
[White "C. H. O'D. Schlechter"]
[Black "Danzino"]
[Result "1/2-1/2"]
[WhiteCountry "USA"]
[BlackCountry "GBR"]
[WhiteElo "2385"]
[WhiteRD "92"]
[BlackElo "2020"]
[BlackRD "111"]
[GameID "240616"]

1. e4 c5 2. Nf3 Nc6 3. d4 cxd4 4. Nxd4 g6 5. c4 Nf6 6. Nc3 d6 7. Nc2 Bg7 8. Be2 O-O 9. O-O Nd7 10. Bd2 a5
11. Na3 Nc5 12. Nab5 Nd4 13. Nxd4 Bxd4 14. Bh6 Bxc3 15. bxc3 Re8 16. f3 f6 17. Rb1 e5 18. Be3 Qc7 19. Qd2 Be6 20. Rb5 Red8
21. Rfb1 Rab8 22. Qb2 Rd7 23. Qb3 Kg7 24. Qb2 Kg8 25. Qa3 b6 26. Qb2 Ra8 27. Bxc5 bxc5 28. Qd2 Kg7 29. Rb7 Qxb7 30. Rxb7 Rxb7
31. Qxd6 Bf7 32. a4 Rb2 33. Kf1 Rc8 34. g4 h6 35. h4 g5 36. f4 gxf4 37. g5 hxg5 38. hxg5 fxg5 39. Qxe5+ Kh6 40. Qf5 Rc7
41. e5 Bg6 42. Qf8+ Rg7 43. Qh8+ Rh7 44. Qd8 Rb1+ 45. Kf2 Rb2 46. Ke1 Rb1+ 47. Bd1 Rhb7 48. Qh8+=
1/2-1/2

[Event "2010 Standard Chess Dropout Tournament, Round 2"]
[Site "SchemingMind.com"]
[Date "2010.03.07"]
[Round "2"]
[White "John M. Sargent"]
[Black "C. H. O'D. Schlechter"]
[Result "1/2-1/2"]
[WhiteCountry "ENG"]
[BlackCountry "USA"]
[WhiteElo "2309"]
[WhiteRD "90"]
[BlackElo "2427"]
[BlackRD "76"]
[GameID "240618"]

1. Nf3 d5 2. c4 e6 3. d4 Nf6 4. Nc3 c6 5. e3 a6 6. Bd2 c5 7. cxd5 exd5 8. dxc5 Bxc5 9. Bd3 Nc6 10. O-O O-O
11. Rc1 Bg4 12. h3 Bxf3 13. Qxf3 Ne5 14. Qf5 Nxd3 15. Qxd3 d4 16. exd4 Qxd4 17. Qc2 Rfe8 18. Bg5 Bd6 19. Bxf6 Qxf6 20. Ne4 Qg6
21. Nxd6=
1/2-1/2

[Event "2010 Standard Chess Dropout Tournament, Round 2"]
[Site "SchemingMind.com"]
[Date "2010.03.05"]
[Round "2"]
[White "Chess Tiger"]
[Black "Saiidcd"]
[Result "1-0"]
[WhiteCountry "GER"]
[BlackCountry "LBN"]
[WhiteElo "2396"]
[WhiteRD "87"]
[BlackElo "2261"]
[BlackRD "90"]
[GameID "240619"]

1. d4 Nf6 2. c4 g6 3. Nc3 Bg7 4. e4 d6 5. Nf3 O-O 6. Be2 e5 7. O-O Nc6 8. d5 Ne7 9. b4 Nh5 10. Re1 f5
11. Ng5 Nf6 12. Bf3 c6 13. Bb2 h6 14. Ne6 Bxe6 15. dxe6 d5 16. exd5 e4 17. d6 exf3 18. gxf3 Re8 19. Qd2 g5 20. Rad1 Ng6
21. Na4 b6 22. d7 Rf8 23. Qd6 Ne7 24. Nc3 Rb8 25. Ne2 Ne4 26. fxe4 Bxb2 27. Ng3 fxe4 28. Rxe4
1-0

[Event "2010 Standard Chess Dropout Tournament, Round 2"]
[Site "SchemingMind.com"]
[Date "2010.03.07"]
[Round "2"]
[White "Chess_Man01"]
[Black "CuriousShadow"]
[Result "1-0"]
[WhiteCountry "GBR"]
[BlackCountry "USA"]
[WhiteElo "2337"]
[WhiteRD "85"]
[BlackElo "2021"]
[BlackRD "133"]
[GameID "240620"]

1. e4 c5 2. Nf3 e6 3. d4 cxd4 4. Nxd4 Nf6 5. Nc3 Nc6 6. Ndb5 d6 7. Bf4 e5 8. Bg5 a6 9. Na3 b5 10. Nd5 Be7
11. Bxf6 Bxf6 12. c3 O-O 13. Nc2 Bg5 14. a4 bxa4 15. Rxa4 a5 16. Bc4 Rb8 17. b3 Kh8 18. O-O g6 19. Qd3 f5 20. Rd1 Bh6
21. Nce3 fxe4 22. Qxe4 Bb7 23. Qc2 Bf4 24. Qe2 Qh4 25. g3 Qh6 26. Ng4 Qh3 27. gxf4 exf4 28. f3 Rbe8 29. Nxf4 Qh4 30. Ne6 Nd8
31. Rxd6
1-0

[Event "2010 Standard Chess Dropout Tournament, Round 2"]
[Site "SchemingMind.com"]
[Date "2010.03.03"]
[Round "2"]
[White "chesshub"]
[Black "harsh"]
[Result "1-0"]
[WhiteCountry "FRA"]
[BlackCountry "IND"]
[WhiteElo "2469"]
[WhiteRD "72"]
[BlackElo "1892"]
[BlackRD "86"]
[GameID "240621"]

1. e4 Nc6 2. Nf3 f5 3. exf5 d5 4. Bb5 Qd6 5. d4 Bxf5 6. Ne5 Nf6 7. O-O Nd7 8. Bxc6 bxc6 9. Bf4 Nxe5 10. Bxe5 Qg6
11. c4 Kd7 12. cxd5 cxd5 13. Nc3 Bc2 14. Qd2 e6 15. Rac1 Bd3 16. Ne2 Bd6 17. Nf4 Qg5 18. Bxd6 cxd6 19. Rc7+ Ke8 20. Qc3 Qxf4
21. Qc6+ Kf8 22. Qxa8#
1-0

[Event "2010 Standard Chess Dropout Tournament, Round 2"]
[Site "SchemingMind.com"]
[Date "2010.03.07"]
[Round "2"]
[White "Chessic"]
[Black "tecamac"]
[Result "0-1"]
[WhiteCountry "INT"]
[BlackCountry "FRA"]
[WhiteElo "1598"]
[WhiteRD "147"]
[BlackElo "1646"]
[BlackRD "90"]
[GameID "240622"]

1. e4 e5 2. Nf3 Nc6 3. d4 Qf6 4. Bg5 Qg6 5. Qd3 f6 6. Bd2 d6 7. d5 Nce7 8. Nc3 f5 9. O-O-O Nf6 10. Re1 Qf7
11. Ng5 Qg8 12. Nb5 fxe4 13. Nxc7+ Kd8 14. Nge6+ Bxe6 15. Nxe6+ Qxe6 16. Ba5+ b6 17. Bxb6+ axb6 18. dxe6 exd3
0-1

[Event "2010 Standard Chess Dropout Tournament, Round 2"]
[Site "SchemingMind.com"]
[Date "2010.03.02"]
[Round "2"]
[White "CuriousShadow"]
[Black "Mitchell-in"]
[Result "1-0"]
[WhiteCountry "USA"]
[BlackCountry "ENG"]
[WhiteElo "2037"]
[WhiteRD "130"]
[BlackElo "1820"]
[BlackRD "63"]
[GameID "240624"]

1. d4 d5 2. c4 e6 3. Nf3 Nf6 4. Bf4 dxc4 5. Nc3 Nd5 6. Bg3 Bb4 7. Qc2 O-O 8. e4 Nb6 9. Rd1 Bd7 10. Be2 Ba4
11. b3 cxb3 12. axb3 Bd7 13. O-O Bxc3 14. Qxc3 c6 15. Bd3 Na6 16. Bxa6 bxa6 17. Ra1 Qc8 18. Bd6 Re8 19. Ne5 f6 20. Nd3
1-0

[Event "2010 Standard Chess Dropout Tournament, Round 2"]
[Site "SchemingMind.com"]
[Date "2010.03.04"]
[Round "2"]
[White "Danzino"]
[Black "The Stonewall"]
[Result "0-1"]
[WhiteCountry "GBR"]
[BlackCountry "ENG"]
[WhiteElo "1995"]
[WhiteRD "108"]
[BlackElo "2221"]
[BlackRD "80"]
[GameID "240625"]

1. e4 c5 2. Nf3 Nc6 3. d4 cxd4 4. Nxd4 e5 5. Nb5 d6 6. N1c3 a6 7. Na3 b5 8. Nd5 Nge7 9. c4 Nd4 10. cxb5 Nxd5
11. exd5 Qh4 12. bxa6 Be7 13. Be3 O-O 14. Bxd4 exd4 15. Bd3 Bxa6 16. O-O Bf6 17. Bxa6 Rxa6 18. Qd3 Rb6 19. Nc4 Rb5 20. Nxd6 Rxd5
21. Ne4 Be7 22. Ng3 g6 23. Qe4 Qxe4 24. Nxe4 f5 25. Nd2 d3 26. b3 Bf6 27. Rac1 Re5 28. Rfd1 Re2 29. Nf3 Rc2 30. g3 Rd8
31. a4 g5 32. Rb1 d2 33. b4 g4 34. Nxd2 Rdxd2 35. Rxd2 Rxd2 36. b5 Bd4 37. b6 Rxf2 38. Rb4 Rd2+ 39. Kf1 Be5 40. b7 Rxh2
41. b8=Q+ Bxb8 42. Rxb8+ Kf7 43. a5 Ra2 44. Ra8 Ra3 45. a6 h5 46. a7 Kg7 47. Kf2 f4 48. gxf4 h4 49. f5 h3 50. f6+ Kf7
51. Rh8 g3+ 52. Ke2 g2 53. Rxh3 Ra2+ 54. Ke1 g1=R#
0-1

[Event "2010 Standard Chess Dropout Tournament, Round 2"]
[Site "SchemingMind.com"]
[Date "2010.03.03"]
[Round "2"]
[White "DCangelosi"]
[Black "mmccaffe"]
[Result "0-1"]
[WhiteCountry "USA"]
[BlackCountry "USA"]
[WhiteElo "1542"]
[WhiteRD "146"]
[BlackElo "1742"]
[BlackRD "57"]
[GameID "240626"]

1. d4 Nf6 2. e3 g6 3. b3 Bg7 4. Bb2 O-O 5. Bd3 d6 6. f4 Nbd7 7. Nf3 b6 8. O-O Bb7 9. c4 Be4 10. Bxe4 Nxe4
11. Nbd2 Nxd2 12. Qxd2 c5 13. d5 Nf6 14. Qc3 Ne8 15. Qc2 Bxb2 16. Qxb2 Nf6 17. Rae1 Qd7 18. Re2 b5 19. Nd2 bxc4 20. Nxc4 Nxd5
21. e4 Nb6 22. Nxb6 axb6 23. Rd1 Qb5 24. Rd5 Ra7 25. e5 dxe5 26. Rdxe5 e6 27. g4 Rd7 28. f5 Rd1+ 29. Kf2 Qd3 30. R5e3 Qd5
31. fxe6 fxe6+ 32. Kg3 h5 33. Re5 Qf3+
0-1

[Event "2010 Standard Chess Dropout Tournament, Round 2"]
[Site "SchemingMind.com"]
[Date "2010.03.07"]
[Round "2"]
[White "dmichael"]
[Black "Sebastian Strauchler"]
[Result "1-0"]
[WhiteCountry "USA"]
[BlackCountry "ARG"]
[WhiteElo "2565"]
[WhiteRD "92"]
[BlackElo "2172"]
[BlackRD "122"]
[GameID "240627"]

1. e4 c5 2. Nf3 Nc6 3. d4 cxd4 4. Nxd4 g6 5. c4 Nf6 6. Nc3 Nxd4 7. Qxd4 d6 8. Be2 Bg7 9. Be3 O-O 10. Qd2 Be6
11. O-O Qa5 12. b3 a6 13. Rac1 b5 14. Bf3 bxc4 15. Nd5 Qxd2 16. Nxe7+ Kh8 17. Bxd2 cxb3 18. axb3 Bxb3 19. e5 dxe5 20. Bxa8 Rxa8
21. Rc8+ Rxc8 22. Nxc8 Be6 23. Rb1 Bf8 24. Bc3 Kg7 25. Bxe5 Bxc8 26. Bxf6+ Kxf6 27. Rb8 Be6 28. Rxf8 Ke5 29. Ra8 Bc4 30. f3 Kd4
31. Kf2 Kc3 32. Ke3 Kb4 33. Kd4 a5 34. Rxa5 Kxa5 35. Kxc4 Kb6 36. Kd5 Kc7 37. Ke5 Kd7 38. Kf6 Ke8 39. Kg7 h5 40. Kf6 Kf8
41. h4
1-0

[Event "2010 Standard Chess Dropout Tournament, Round 2"]
[Site "SchemingMind.com"]
[Date "2010.03.07"]
[Round "2"]
[White "Dreadtower"]
[Black "jonjenson"]
[Result "1/2-1/2"]
[WhiteCountry "ENG"]
[BlackCountry "ENG"]
[WhiteElo "1788"]
[WhiteRD "110"]
[BlackElo "1802"]
[BlackRD "79"]
[GameID "240628"]

1. e4 e5 2. Nf3 Nc6 3. Bb5 a6 4. Ba4 f5 5. d4 fxe4 6. Nxe5 Nf6 7. O-O Bd6 8. f4 exf3 9. Nxf3 O-O 10. c4 b6
11. Nc3 Bb7 12. Bg5 Ne7 13. Bb3 Kh8 14. d5 Ng6 15. Bc2 Ne5 16. Nxe5 Bxe5 17. Bxf6 Bxf6 18. Qh5 Bd4+ 19. Kh1 Rxf1+ 20. Rxf1 Qg8
21. Ne4 g6 22. Qh4 Qg7 23. b3 Rf8 24. Rf3 Bc5 25. Rxf8+ Bxf8 26. Qf6 Be7 27. Qxg7+ Kxg7 28. Nc3 Bb4 29. Ne2 c6 30. dxc6 Bxc6
31. Nd4=
1/2-1/2

[Event "2010 Standard Chess Dropout Tournament, Round 2"]
[Site "SchemingMind.com"]
[Date "2010.03.03"]
[Round "2"]
[White "echecs"]
[Black "erikbrynolfson"]
[Result "1-0"]
[WhiteCountry "ENG"]
[BlackCountry "USA"]
[WhiteElo "1812"]
[WhiteRD "65"]
[BlackElo "1779"]
[BlackRD "70"]
[GameID "240629"]

1. e4 e6 2. d4 d5 3. e5 c5 4. c3 Nc6 5. Nf3 Qb6 6. Bd3 Bd7 7. dxc5 Bxc5 8. O-O Qc7 9. Re1 Nge7 10. Nbd2 Nf5
11. Nb3 Bb6 12. Bxf5 exf5 13. Qxd5 O-O-O 14. Qxf7 g5 15. Bxg5 Rdf8 16. Qd5 f4 17. Rad1 Bg4 18. Bf6 Rhg8 19. Nbd4 Bh3 20. g3 fxg3
21. hxg3 h5 22. Ne6 Bxf2+ 23. Kxf2 Qb6+ 24. Nfd4 h4 25. g4 Rxf6+ 26. exf6 Rxg4 27. f7 Rg2+ 28. Ke3 Rg3+ 29. Kf2 Qxb2+ 30. Re2
1-0

[Event "2010 Standard Chess Dropout Tournament, Round 2"]
[Site "SchemingMind.com"]
[Date "2010.03.04"]
[Round "2"]
[White "erikbrynolfson"]
[Black "roscoe"]
[Result "1/2-1/2"]
[WhiteCountry "USA"]
[BlackCountry "USA"]
[WhiteElo "1778"]
[WhiteRD "76"]
[BlackElo "1510"]
[BlackRD "101"]
[GameID "240630"]

1. d4 d5 2. c4 dxc4 3. e3 b5 4. a4 Bd7 5. b3 e6 6. axb5 Bb4+ 7. Bd2 Bxd2+ 8. Nxd2 Bxb5 9. Bxc4 Bxc4 10. Nxc4 Ne7
11. Nf3 O-O 12. O-O h6 13. Ra4 Nd7 14. Qa1 Nb6 15. Rxa7 Ned5 16. Nfe5 Nxc4 17. bxc4 Nb6 18. Nc6 Qd7 19. Ne5 Qc8 20. c5 Rxa7
21. Qxa7 Nd5 22. c6 Kh7 23. Nd7 Rd8 24. Qb7 Nc3 25. Nc5 f5 26. Na6 Nd5 27. f3 Nxe3 28. Re1 f4 29. Nxc7 Nd5 30. Nxe6 Rg8
31. Ra1 Qxe6 32. Kf2 Qe3+ 33. Kf1 Qxd4 34. Rb1 Qd3+ 35. Kg1 Nc3 36. Rf1 Ne2+ 37. Kh1 Nd4 38. Rg1 Qb5 39. Rc1 Qxb7 40. cxb7 Rb8
41. Rb1 h5 42. Kg1 Kh6 43. h4 Nf5 44. Rb6+ g6 45. Kf2 Nxh4 46. g3 fxg3+ 47. Kxg3 Nf5+ 48. Kf4 Ne7 49. Ke5 h4 50. Kd6 Nc8+
51. bxc8=Q Rxc8 52. Rb1 Rf8 53. Rb3 h3 54. f4 Rxf4=
1/2-1/2

[Event "2010 Standard Chess Dropout Tournament, Round 2"]
[Site "SchemingMind.com"]
[Date "2010.03.03"]
[Round "2"]
[White "Exal Garcia-Carrillo"]
[Black "Valiantangel"]
[Result "0-1"]
[WhiteCountry "MEX"]
[BlackCountry "SGP"]
[WhiteElo "1818"]
[WhiteRD "91"]
[BlackElo "1862"]
[BlackRD "65"]
[GameID "240631"]

1. e4 c6 2. d4 d5 3. Nc3 dxe4 4. Nxe4 Nd7 5. c3 Ngf6 6. Nxf6+ Nxf6 7. Bg5 Ne4 8. Be3 Bf5 9. Bd3 Nd6 10. Bxf5 Nxf5
11. Bd2 e6 12. Nf3 Bd6 13. O-O O-O 14. Ne5 Qc7 15. Re1 Rad8 16. h3 c5 17. Nf3 cxd4 18. Nxd4 Nxd4 19. cxd4 Bh2+ 20. Kh1 Rxd4
21. Rc1 Qd6 22. Rc2 Bf4 23. Re2 Rd8 24. Qe1 Bxd2 25. Rexd2 Rxd2 26. Rxd2 Qxd2 27. Qxd2 Rxd2
0-1

[Event "2010 Standard Chess Dropout Tournament, Round 2"]
[Site "SchemingMind.com"]
[Date "2010.03.07"]
[Round "2"]
[White "Faloan"]
[Black "sthorwall"]
[Result "1/2-1/2"]
[WhiteCountry "GER"]
[BlackCountry "USA"]
[WhiteElo "2157"]
[WhiteRD "84"]
[BlackElo "2136"]
[BlackRD "75"]
[GameID "240632"]

1. e4 e5 2. Nf3 Nc6 3. Bc4 Nf6 4. d3 Bc5 5. c3 d6 6. Bb3 a6 7. O-O Ba7 8. Be3 Bxe3 9. fxe3 O-O 10. Nbd2 Na5
11. Bc2 c5 12. Qe1 Qb6 13. b3 Qc7 14. h3 Nc6 15. Nh4 b5 16. g4 h6 17. Nf5 Bxf5 18. gxf5 Qa5 19. Nf3 d5 20. Kh1 dxe4
21. dxe4 Rad8=
1/2-1/2

[Event "2010 Standard Chess Dropout Tournament, Round 2"]
[Site "SchemingMind.com"]
[Date "2010.03.07"]
[Round "2"]
[White "Phillip Beckett"]
[Black "teban2008"]
[Result "0-1"]
[WhiteCountry "ENG"]
[BlackCountry "CAN"]
[WhiteElo "1693"]
[WhiteRD "59"]
[BlackElo "1752"]
[BlackRD "106"]
[GameID "240633"]

1. e4 c5 2. Nf3 e6 3. d4 cxd4 4. Nxd4 Nc6 5. Nb5 d5 6. exd5 exd5 7. c3 Qb6 8. Qxd5 Bc5 9. Nd6+ Bxd6 10. Qxd6 Nf6
11. Bg5 Ne4 12. Qf4 Nxg5 13. Qxg5 Qxb2 14. Qe3+ Be6 15. Bc4 O-O-O 16. Bxe6+ fxe6 17. Qxe6+ Kb8 18. O-O Qxa1 19. Na3 Rd1
0-1

[Event "2010 Standard Chess Dropout Tournament, Round 2"]
[Site "SchemingMind.com"]
[Date "2010.03.07"]
[Round "2"]
[White "Fiesty 50"]
[Black "TRFz"]
[Result "1/2-1/2"]
[WhiteCountry "ENG"]
[BlackCountry "GBR"]
[WhiteElo "2218"]
[WhiteRD "87"]
[BlackElo "2187"]
[BlackRD "93"]
[GameID "240634"]

1. e4 c5 2. Nc3 Nc6 3. Nf3 g6 4. d4 cxd4 5. Nxd4 Bg7 6. Be3 Nf6 7. f3 O-O 8. Qd2 d5 9. Nxc6 bxc6 10. exd5 Nxd5
11. Bd4 Bxd4 12. Qxd4 e5 13. Qd2 Rb8 14. O-O-O Be6 15. h4 Qa5 16. Nxd5 Qxd2+ 17. Rxd2 cxd5 18. Bd3 Kg7 19. Re1 f6 20. c3 Rfc8
21. Rc2 Rc5 22. b4 Rc7 23. a4 Kf7 24. Kb2 h5 25. Bb5=
1/2-1/2

[Event "2010 Standard Chess Dropout Tournament, Round 2"]
[Site "SchemingMind.com"]
[Date "2010.03.05"]
[Round "2"]
[White "Finan"]
[Black "Jochen"]
[Result "1-0"]
[WhiteCountry "USA"]
[BlackCountry "GBR"]
[WhiteElo "1651"]
[WhiteRD "85"]
[BlackElo "1362"]
[BlackRD "76"]
[GameID "240635"]

1. e4 Nc6 2. d4 e6 3. Nc3 Nf6 4. e5 Nd5 5. Nxd5 exd5 6. Nf3 Bb4+ 7. c3 Be7 8. Be3 O-O 9. Qb3 d6 10. Qxd5 Be6
11. Qb5 dxe5 12. Nxe5 Nxe5 13. Qxe5 Bd6 14. Qb5 Rb8 15. Bd3 c6 16. Qh5 f5 17. Qe2 Qh4 18. g3 Qh3 19. Bc4 Rbe8 20. O-O-O Bxc4
21. Qxc4+ Kh8 22. Rdg1 b5 23. Qxc6 f4 24. gxf4 Qe6 25. Qb7 Re7 26. Qxb5 Bxf4 27. Bxf4 Qxa2 28. Kc2 Re4 29. Rg4 Rexf4 30. Rxf4 Rxf4
31. Qb8+ Qg8 32. Qxf4 Qa8 33. Ra1 a5 34. Qe5 Qf8 35. Qxa5 Qxf2+ 36. Kb3 Kg8 37. Qd5+ Kf8 38. Ra7 Qxh2 39. Qd8#
1-0

[Event "2010 Standard Chess Dropout Tournament, Round 2"]
[Site "SchemingMind.com"]
[Date "2010.03.02"]
[Round "2"]
[White "Frenchy"]
[Black "marble"]
[Result "0-1"]
[WhiteCountry "CAN"]
[BlackCountry "ENG"]
[WhiteElo "1594"]
[WhiteRD "59"]
[BlackElo "1812"]
[BlackRD "74"]
[GameID "240636"]

1. e4 c5 2. Nf3 g6 3. d4 cxd4 4. Nxd4 Bg7 5. Nc3 d6 6. Be3 Nf6 7. f3 O-O 8. Qd2 Nc6 9. O-O-O d5 10. exd5 Nxd4
0-1

[Event "2010 Standard Chess Dropout Tournament, Round 2"]
[Site "SchemingMind.com"]
[Date "2010.03.04"]
[Round "2"]
[White "Gordon"]
[Black "Finan"]
[Result "1-0"]
[WhiteCountry "ENG"]
[BlackCountry "USA"]
[WhiteElo "2363"]
[WhiteRD "94"]
[BlackElo "1651"]
[BlackRD "85"]
[GameID "240638"]

1. d4 d5 2. c4 c5 3. cxd5 Nf6 4. dxc5 Qxd5 5. Qxd5 Nxd5 6. e4 Nb4 7. Na3 e5 8. Bd2 N8c6 9. Nf3 Bxc5 10. Rc1 Bd6
11. Nb5 Ke7 12. Nxd6 Kxd6 13. a3 Na6 14. b4 Nd4 15. Nxd4 exd4 16. b5 Nc5 17. Bf4+ Ke7 18. Rxc5 Rd8 19. Bc7 Rd7 20. e5 d3
21. Bd6+ Kd8 22. Bxd3 b6 23. Rc2 Bb7 24. Bf5 Bxg2 25. Rg1 Bd5 26. Rxg7 f6 27. Bxd7
1-0

[Event "2010 Standard Chess Dropout Tournament, Round 2"]
[Site "SchemingMind.com"]
[Date "2010.03.04"]
[Round "2"]
[White "harsh"]
[Black "wayder"]
[Result "0-1"]
[WhiteCountry "IND"]
[BlackCountry "USA"]
[WhiteElo "1892"]
[WhiteRD "86"]
[BlackElo "2007"]
[BlackRD "85"]
[GameID "240639"]

1. e4 e5 2. Nf3 Nc6 3. Bc4 Nf6 4. Ng5 d5 5. exd5 Na5 6. Bb5+ c6 7. dxc6 bxc6 8. Be2 h6 9. Nf3 e4 10. Ne5 Bd6
11. d4 exd3 12. Nxd3 Qc7 13. h3 O-O 14. O-O c5 15. b3 c4 16. bxc4 Nxc4 17. Nd2 Bh2+ 18. Kh1 Be5 19. Nxc4 Bxa1 20. Ba3 Bc3
21. Bxf8 Kxf8 22. Ne3 Be6 23. Nc1 Rd8 24. Bd3 Rd4 25. Ne2 Rh4 26. Nxc3 Bxh3 27. g3 Bg4+ 28. gxh4 Bxd1 29. Ncxd1 Qc6+ 30. f3 Nh5
31. Rf2 Qf6 32. Ng2 Nf4 33. Nde3 Nxd3 34. cxd3 Qc3 35. Rc2 Qxd3 36. Rc8+ Ke7 37. Rc7+ Ke8 38. Rxa7 Qb1+ 39. Kh2 Qb8+ 40. f4 Qxa7
41. Kg3 Qxa2 42. Kf3 Qa8+ 43. Kg3 Qe4 44. Kf2 h5 45. Kg3 g6 46. Kf2 f6 47. Kg3 Kf7 48. Kf2 g5 49. hxg5 fxg5 50. fxg5 h4
51. Nf1 h3 52. Nge3 Qf4+ 53. Kg1 h2+ 54. Kh1 Qf2
0-1

[Event "2010 Standard Chess Dropout Tournament, Round 2"]
[Site "SchemingMind.com"]
[Date "2010.03.07"]
[Round "2"]
[White "jacekp_05"]
[Black "JasonY1982"]
[Result "1/2-1/2"]
[WhiteCountry "POL"]
[BlackCountry "USA"]
[WhiteElo "1920"]
[WhiteRD "118"]
[BlackElo "1983"]
[BlackRD "93"]
[GameID "240640"]

1. e4 c5 2. f4 d5 3. exd5 Nf6 4. Nf3 Nxd5 5. Bb5+ Bd7 6. Bxd7+ Nxd7 7. d3 e6 8. O-O Be7 9. Nc3 N7f6 10. Bd2 O-O
11. Qe2 Qb6 12. Na4 Qc7 13. Ng5 Bd6 14. g3 Qc6 15. Nc3 c4 16. Nge4 Bc5+ 17. Nxc5 Qxc5+ 18. Kh1 cxd3 19. cxd3 Rac8 20. Ne4 Qe7
21. Rac1 Rfd8 22. a3 h6 23. Nc3 Qd7 24. Rfd1 Rc6 25. Be1 Rdc8 26. Rc2 Rc5 27. Rdc1 Nxc3 28. Bxc3 Qd5+ 29. Kg1 Nd7 30. Bb4 Rxc2
31. Rxc2 Rxc2 32. Qxc2 Nf6 33. Qc4 Qf3 34. Qc8+ Kh7 35. Qc2 h5 36. Be1 b6 37. d4+ Ne4 38. h3 f5 39. Kh2 Qe3 40. Qd1 g6
41. h4 Kg7= 42. b3 Kf6=
1/2-1/2

[Event "2010 Standard Chess Dropout Tournament, Round 2"]
[Site "SchemingMind.com"]
[Date "2010.03.03"]
[Round "2"]
[White "JasonY1982"]
[Black "saxon"]
[Result "0-1"]
[WhiteCountry "USA"]
[BlackCountry "GER"]
[WhiteElo "1998"]
[WhiteRD "84"]
[BlackElo "2428"]
[BlackRD "101"]
[GameID "240641"]

1. e4 c5 2. Nf3 e6 3. d4 cxd4 4. Nxd4 Nc6 5. Nc3 Qc7 6. Be2 a6 7. O-O Nf6 8. Be3 Bb4 9. Nxc6 bxc6 10. Na4 Be7
11. Bd3 c5 12. c4 Bb7
0-1

[Event "2010 Standard Chess Dropout Tournament, Round 2"]
[Site "SchemingMind.com"]
[Date "2010.03.05"]
[Round "2"]
[White "JLD"]
[Black "Chess Tiger"]
[Result "0-1"]
[WhiteCountry "USA"]
[BlackCountry "GER"]
[WhiteElo "2052"]
[WhiteRD "99"]
[BlackElo "2417"]
[BlackRD "92"]
[GameID "240642"]

1. e4 c5 2. Nc3 Nc6 3. g3 g6 4. Bg2 Bg7 5. d3 d6 6. Be3 Rb8 7. Qd2 b5 8. Nge2 b4 9. Nd1 Nf6 10. h3 O-O
11. Bh6 Bxh6 12. Qxh6 Nd4 13. Ne3 Rb5 14. Nxd4 cxd4 15. Nc4 Be6 16. Qd2 Qc7 17. b3 d5 18. exd5 Nxd5 19. O-O Nc3 20. a4 Rc5
21. Rae1 Rd8 22. f4 Kg7 23. g4 h6 24. Qf2 Bc8 25. Re5 Rxe5 26. Nxe5 f6 27. Nc6 Rd6 28. Re1 Rxc6 29. Bxc6 Qxc6 30. Qxd4 Qb7
31. Kh2 g5 32. Qd8 Nd5 33. fxg5 hxg5 34. h4 gxh4 35. g5 f5 36. g6 Qc6 37. Re2 Bb7 38. Qb8 Nc7 39. Rxe7+ Kf6
0-1

[Event "2010 Standard Chess Dropout Tournament, Round 2"]
[Site "SchemingMind.com"]
[Date "2010.03.07"]
[Round "2"]
[White "Jochen"]
[Black "startstek"]
[Result "0-1"]
[WhiteCountry "GBR"]
[BlackCountry "ALG"]
[WhiteElo "1421"]
[WhiteRD "77"]
[BlackElo "2015"]
[BlackRD "85"]
[GameID "240643"]

1. Nf3 Nf6 2. e3 g6 3. Bb5 Bg7 4. O-O O-O 5. Nc3 c6 6. Be2 d6 7. d4 Qc7 8. e4 e5 9. Bg5 Nbd7 10. a4 Re8
11. d5 a5 12. Be3 Nc5 13. Bxc5 dxc5 14. d6 Qd7 15. Bc4 h6 16. Qd3 Nh5 17. Ne2 Rd8 18. Rad1 Qe8 19. Qe3 b6 20. Qb3 Rb8
21. Kh1 Be6 22. Bxe6 Qxe6 23. Qxe6 fxe6 24. c4 Nf4 25. Nc3 g5 26. Rd2 Rd7 27. g3 Ng6 28. h4 gxh4 29. gxh4 Rbd8 30. Rg1 Kh7
31. h5 Nf4 32. Rgd1 Nxh5 33. Kg1 Nf4 34. Na2 Ng6 35. Rd3 Bf8 36. Rb3 Rb8 37. Rbd3 Bg7 38. Nc3 Bf6 39. Kf1 Rbd8 40. Ne2 Bg7
41. Ng3 Nf4 42. R3d2 Bf6 43. Ne2 Ng6 44. Ng3 Bg7 45. Nh5 Bh8 46. Nh2 Nf4 47. Nxf4 exf4 48. f3 h5 49. Ke2 Bd4 50. Nf1 Rxd6
51. b3 Rg8 52. Rd3 Rg2+ 53. Ke1 e5 54. b4 Rb2 55. b5 Bf2#
0-1

[Event "2010 Standard Chess Dropout Tournament, Round 2"]
[Site "SchemingMind.com"]
[Date "2010.03.07"]
[Round "2"]
[White "Sebastian Strauchler"]
[Black "Argeon"]
[Result "1-0"]
[WhiteCountry "ARG"]
[BlackCountry "BEL"]
[WhiteElo "2181"]
[WhiteRD "121"]
[BlackElo "2041"]
[BlackRD "103"]
[GameID "240644"]

1. e4 c5 2. Nf3 Nc6 3. c3 e6 4. d4 d5 5. exd5 exd5 6. Bb5 Nf6 7. O-O Be7 8. dxc5 O-O 9. Be3 Ng4 10. Bd4 Bf5
11. Nbd2 Qc7 12. b4 Nxd4 13. cxd4 a6 14. Ba4 a5 15. b5 Qf4 16. Bc2 Bd7 17. a4 Rfe8 18. Re1 Kh8 19. Nf1 Be6 20. Ng3 Kg8
21. Qd3 g6 22. Re2 Rac8 23. h3 Nxf2 24. Rxf2 Qxg3 25. Ne5 Qxd3 26. Nxd3 Bh4 27. Rf3 Bf5 28. Rxf5 gxf5 29. Nf4 Bg5 30. Rf1 Bxf4
31. Rxf4 Re2 32. Bxf5 Rc7 33. Bg4 Ra2 34. Rf5 Rxa4 35. Rxd5 Kf8 36. Kf2 Rb4 37. b6 Re7 38. Rd8+ Kg7 39. d5 f5 40. d6 Re5
41. d7 fxg4 42. Rb8 Rb2+ 43. Kg3 Re3+ 44. Kxg4 Rxg2+ 45. Kf4 Rd3 46. d8=Q Rf2+ 47. Ke4 Rxd8 48. Rxd8 Rf7 49. Ra8 Re7+ 50. Kd5 Rd7+
51. Ke6 Rf7 52. Rxa5 Rf6+ 53. Kd7 Rc6 54. Ra7 Rxc5 55. Rxb7 Rc3 56. Rc7 Rxh3 57. b7 Rb3 58. Kc8+
1-0

[Event "2010 Standard Chess Dropout Tournament, Round 2"]
[Site "SchemingMind.com"]
[Date "2010.03.07"]
[Round "2"]
[White "jonjenson"]
[Black "DCangelosi"]
[Result "1-0"]
[WhiteCountry "ENG"]
[BlackCountry "USA"]
[WhiteElo "1802"]
[WhiteRD "79"]
[BlackElo "1542"]
[BlackRD "146"]
[GameID "240645"]

1. e4 c5 2. Nc3 d6 3. f4 g6 4. d4 Bg7 5. dxc5 dxc5 6. Qxd8+ Kxd8 7. Be3 Bd4 8. O-O-O Nc6 9. Nb5 Bg4 10. Be2 Bd7
11. Nxd4 cxd4 12. Bxd4 Nxd4 13. Rxd4 e6 14. Nf3 Ke7 15. Rhd1 Nf6 16. e5 Nd5 17. Bc4 Bc6 18. Bxd5 Bxd5 19. Ne1 Rac8 20. Kb1 Rc6
21. b3 Rc7 22. c4 Bc6 23. g3 b6 24. Nc2 f5 25. exf6+ Kxf6 26. Ne3 Ke7 27. R1d2 Rd7 28. Ng4 Rhd8 29. Rxd7+ Rxd7 30. Rxd7+ Bxd7
31. Kc2 Bc6 32. Kd3 h5 33. Ne5 Bg2 34. Nxg6+
1-0